| 000 | 00434pab a2200157 454500 | ||
|---|---|---|---|
| 008 | 180718b1999 xxu||||| |||| 00| 0 eng d | ||
| 100 | _aMian, Sarfraz A. | ||
| 245 | _aDecision-making over the project life cycle: an analytical hierarchy approach | ||
| 260 | _c1999 | ||
| 300 | _ap.40-52 | ||
| 362 | _aMar | ||
| 650 | _aDecision making | ||
| 700 | _aDai, Christine Xiaoyi | ||
| 773 | _aProject Management Journal | ||
| 909 | _a47845 | ||
| 999 |
_c47845 _d47845 |
||